Ke Bawah Duli Yang Maha Mulia Sultan Ismail Petra : (Record no. 52047)

MARC details
000 -LEADER
fixed length control field 00896nam a2200241 i 4500
001 - CONTROL NUMBER
control field C2-0236178
003 - CONTROL NUMBER IDENTIFIER
control field PPAK
005 - DATE AND TIME OF LATEST TRANSACTION
control field 20180727200043.0
008 - FIXED-LENGTH DATA ELEMENTS--GENERAL INFORMATION
fixed length control field 011002s2001 my a|||| ||||| | may d
020 ## - INTERNATIONAL STANDARD BOOK NUMBER
International Standard Book Number 9836271457 ; 9789836271457
040 ## - CATALOGING SOURCE
Original cataloging agency PPAK
Language of cataloging eng
Transcribing agency PPAK
Description conventions rda
082 04 - DEWEY DECIMAL CLASSIFICATION NUMBER
Classification number 923.1595121
Edition number 23
090 00 - LOCALLY ASSIGNED LC-TYPE CALL NUMBER (OCLC); LOCAL CALL NUMBER (RLIN)
Classification number (OCLC) (R) ; Classification number, CALL (RLIN) (NR) 923.1595121
Feature heading MOH
Feature heading R
100 0# - MAIN ENTRY--PERSONAL NAME
Personal name Mohamed Zain Saleh,
Relator term author
245 10 - TITLE STATEMENT
Title Ke Bawah Duli Yang Maha Mulia Sultan Ismail Petra :
Remainder of title sultan dan Yang Dipertuan Negeri Kelantan Darul Naim
264 #1 - PRODUCTION, PUBLICATION, DISTRIBUTION, MANUFACTURE, AND COPYRIGHT NOTICE
Place of production, publication, distribution, manufacture Kuala Lumpur :
Name of producer, publisher, distributor, manufacturer Dewan Bahasa dan Pustaka ,
Date of production, publication, distribution, manufacture, or copyright notice 2001
300 ## - PHYSICAL DESCRIPTION
Extent 156 pages :
Other physical details colour illustrations ;
Dimensions 30 cm
336 ## - CONTENT TYPE
Source rdacontent
Content type term text
337 ## - MEDIA TYPE
Source rdamedia
Media type term unmediated
338 ## - CARRIER TYPE
Source rdacarrier
Carrier type term volume
650 10 - SUBJECT ADDED ENTRY--TOPICAL TERM
Topical term or geographic name entry element Ismail Petra Ibni Almarhum Sultan Yahya Petra, Sultan. ; Kelantan - Kings and rulers - Biography. ; Kelantan - Sultans - Biography.
942 ## - ADDED ENTRY ELEMENTS (KOHA)
-- dc
Koha item type Book
Holdings
Withdrawn Not for loan Current library Shelving location Date acquired Full call number Barcode Date last seen Koha item type
  Not For Loan Perpustakaan Alor Setar Rujukan Dewasa 01/04/2002 R 923.1595121 MOH A00990832 08/05/2018 Book
  Not For Loan Perpustakaan Alor Setar Rujukan Dewasa 08/09/2005 R 923.1595121 MOH A01095705 08/05/2018 Book
  Not For Loan Perpustakaan Awam Sungai Petani Rujukan Dewasa 26/09/2006 R 923.1595121 MOH A01123262 08/05/2018 Book
  Not For Loan Perpustakaan Baling Rujukan Dewasa 01/04/2002 R 923.1595121 MOH A00990833 08/05/2018 Book
  Not For Loan Perpustakaan Jitra Rujukan Dewasa 27/12/2011 R 923.1595121 MOH A01364090 08/05/2018 Book
  Not For Loan Perpustakaan Kulim Rujukan Dewasa 27/12/2011 R 923.1595121 MOH A01364091 08/05/2018 Book